Select statutes cases and documents to illustrate english constitutional history (Record no. 656331)

MARC details
000 -LEADER
fixed length control field 00960nam a2200301 a 4500
001 - CONTROL NUMBER
control field vtls000808784
003 - CONTROL NUMBER IDENTIFIER
control field NLI
005 - DATE AND TIME OF LATEST TRANSACTION
control field 20210627053856.0
008 - FIXED-LENGTH DATA ELEMENTS--GENERAL INFORMATION
fixed length control field 110331s1904 enk 001 0 eng
020 ## - INTERNATIONAL STANDARD BOOK NUMBER
Terms of availability Rs. 21.00
039 #9 - LEVEL OF BIBLIOGRAPHIC CONTROL AND CODING DETAIL [OBSOLETE]
-- 201103311630
-- Vargis_01
040 0# - CATALOGING SOURCE
Original cataloging agency NLI
Language of cataloging eng
Transcribing agency Vergis_S
Description conventions AACR2
041 0# - LANGUAGE CODE
Language code of text/sound track or separate title eng
044 ## - COUNTRY OF PUBLISHING/PRODUCING ENTITY CODE
MARC country code enk
084 ## - OTHER CLASSIFICATION NUMBER
Classification number 148
245 00 - TITLE STATEMENT
Title Select statutes cases and documents to illustrate english constitutional history
Inclusive dates 1660-1832 /
Statement of responsibility, etc. edited by C. Great Robertson
250 ## - EDITION STATEMENT
Edition statement 2nd ed.
260 ## - PUBLICATION, DISTRIBUTION, ETC.
Place of publication, distribution, etc. London :
Name of publisher, distributor, etc. Methuen,
Date of publication, distribution, etc. 1904
300 ## - PHYSICAL DESCRIPTION
Extent xxii, 591, 30 p. ;
Dimensions 21 cm.
500 ## - GENERAL NOTE
General note Includes index
651 #0 - SUBJECT ADDED ENTRY--GEOGRAPHIC NAME
Geographic name Great Britain
General subdivision Constitutional history
-- Sources
9 (RLIN) 776982
700 1# - ADDED ENTRY--PERSONAL NAME
Personal name Robertson, Charles Grant,
Titles and other words associated with a name Sir,
Dates associated with a name 1869-1948,
Relationship edt
9 (RLIN) 776983
887 ## - NON-MARC INFORMATION FIELD
Content of non-MARC field
901 ## - LOCAL DATA ELEMENT A, LDA (RLIN)
a IMP41347 ;
b 25.09.2010
902 ## - LOCAL DATA ELEMENT B, LDB (RLIN)
a 148 C 199
949 ## - LOCAL PROCESSING INFORMATION (OCLC)
-- VIRTUAITEM
-- 10000
-- 100
6 IMP000041347ENG
942 ## - ADDED ENTRY ELEMENTS (KOHA)
Source of classification or shelving scheme Dewey Decimal Classification
Koha item type Books
Holdings
Withdrawn status Lost status Damaged status Not for loan Home library Current library Date acquired Total Checkouts Full call number Barcode Date last seen Price effective from Koha item type
        National Library of India National Library of India     148 C 199 IMP000041347ENG 27/06/2021 27/06/2021 Books
                                                                           
web counter

Copyright ©2020 The National Library of India, Govt. of India ↔ Hosted by NVLI, MOC ↔ Technology and Design by National Library of India, Ministry of Culture, Govt. of India